000 00639cam a2200229 a 4500
001 12602243
005 20240304035924.0
008 800108s2001 ii b 000 0 eng
020 _a8187218355
040 _aDLC
_cDLC
_dDLC
082 _222
_a323.33
_bWOM.
245 0 0 _aWomen in Panchayati Raj /
_ceditors, Ambrose Pinto, Helmut Reifeld.
260 _aNew Delhi :
_bIndian Social Institute,
_c2001.
300 _avi, 235 p. ;
500 _a"Konrad-Adenauer-Stiftung."
650 0 _aWomen
650 0 _aWomen in development
650 0 _aPanchayat
700 1 _aPinto, Ambrose.
_eedt
700 1 _aReifeld, Helmut.
_eedt
942 _cL
999 _c538
_d538